000 01317cam a2200133 4500500
005 20260329023206.0
041 _afre
042 _adc
100 1 0 _aEyraud, Corine
_eauthor
245 0 0 _aLes données chiffrées en sciences sociales : Du matériau brut à la connaissance des phénomènes sociaux
260 _bArmand Colin,
_c2024.
520 _aAcquérir les savoir-faire de base en matière statistique (calculs de pourcentages et de taux, lecture de tableaux, maîtrise du vocabulaire) et pouvoir les utiliser à bon escient, tel est l’objectif de ce manuel.  Assorti d’exercices intégralement corrigés, illustré d’articles de journaux ou de revues, il offre des points de repère sur la société française et ses institutions. Il initie à la lecture critique de tous les textes et documents qui intègrent des données chiffrées.  Cet outil d’apprentissage très complet s’adresse aux étudiants en sciences humaines et sociales (en particulier sociologie), en économie et sciences politiques, en écoles de commerce et de journalisme, à tous ceux qui préparent des concours (IEP, CAPES ou agrégation de SHS), ainsi qu’aux enseignants de SES.
856 4 1 _uhttps://shs.cairn.info/les-donnees-chiffrees-en-sciences-sociales--9782200638474?lang=fr&redirect-ssocas=7080
999 _c1925371
_d1925371